Analysis of improved production practices in small holder natural rubber plantation for sustainable natural rubber industry in Nigeria (Record no. 54229)

MARC details
000 -LEADER
fixed length control field 00618nam a2200193Ia 4500
100 ## - MAIN ENTRY--AUTHOR NAME
Personal name Dengie G.Y
245 #0 - TITLE STATEMENT
Title Analysis of improved production practices in small holder natural rubber plantation for sustainable natural rubber industry in Nigeria
260 ## - PUBLICATION, DISTRIBUTION, ETC. (IMPRINT)
Name of publisher European Journal of Applied Sciences
Year of publication 2020
650 ## - SUBJECT ADDED ENTRY--TOPICAL TERM
Topical Term Improved practices
650 ## - SUBJECT ADDED ENTRY--TOPICAL TERM
Topical Term Industry
650 ## - SUBJECT ADDED ENTRY--TOPICAL TERM
Topical Term Natural rubber
650 ## - SUBJECT ADDED ENTRY--TOPICAL TERM
Topical Term Nigeria
650 ## - SUBJECT ADDED ENTRY--TOPICAL TERM
Topical Term Production function
700 ## - ADDED ENTRY--PERSONAL NAME
Personal name Musa E
700 ## - ADDED ENTRY--PERSONAL NAME
Personal name Yustus S.F
856 ## - ELECTRONIC LOCATION AND ACCESS
Uniform Resource Identifier Copy (doi.or/10.14738/ejas.82.8423)
942 ## - ADDED ENTRY ELEMENTS (KOHA)
Koha item type Journals
Holdings
Withdrawn status Lost status Damaged status Not for loan Home library Current library Shelving location Date acquired Serial Enumeration / chronology Koha item type
      Journals RRII Library RRII Library Economics 01/01/2021 Volume 8, Issue 2 Journals